Coupes du Monde: Pays par nombres de participations consécutives - Statistiques

Statistiques générales
  • Ce quiz a été pris 233 fois
  • Le résultat moyen est 13 sur 16
Statistiques - réponses
Réponse % Correct
Brésil
100%
France
100%
Allemagne
99%
Argentine
98%
Italie
98%
Espagne
96%
Angleterre
86%
Portugal
86%
Japon
81%
Mexique
79%
Etats-Unis
77%
Belgique
75%
Australie
73%
Suisse
70%
Corée du Sud
64%
Ecosse
21%
Aucun quiz correspondant
Distribution des résultats
% des personnes avec chaque résultat
Percentile par nombre de réponses
Votre historique - résultats
Vous n’avez pas pris ce quiz